| 000 | 01107nam a22003257a 4500 | ||
|---|---|---|---|
| 003 | CHAP | ||
| 005 | 20220329134806.0 | ||
| 008 | 971013s1967 r 10010 d | ||
| 010 | _a25981 | ||
| 011 | _a26953 | ||
| 035 | _a31054 | ||
| 040 | _cCHAP | ||
| 082 |
_a551.49 _bI58 |
||
| 111 | 0 | 0 |
_aInternational Hydrology Symposium. ( _d1967 _c: Fort Collins, Col.) _959724 |
| 245 | _aProceedings | ||
| 260 |
_aFort Collins : _bColorado State University, _c1967 |
||
| 300 |
_a2 v. _b; gráfs |
||
| 590 |
_aBATCH-UPD _b10 _c20130110 _lUCH01 _h0007 |
||
| 590 |
_aBATCH-UPD _b10 _c20130110 _lUCH01 _h1637 |
||
| 590 |
_aBATCH-UPD _b10 _c20130409 _lUCH01 _h1943 |
||
| 590 |
_aBATCH-UPD _b10 _c20130410 _lUCH01 _h1028 |
||
| 590 |
_aBATCH-UPD _b10 _c20130914 _lUCH01 _h1615 |
||
| 590 |
_aCONVERSION _b10 _c20130109 _lUCH01 _h1315 |
||
| 650 | 1 | 4 |
_aHidrología _xCongresos. _955260 |
| 650 | 1 | 4 |
_aHidrología _xInvestigación. _955264 |
| 901 | _aBK | ||
| 942 | _cLIBRO | ||
| 949 |
_a551.49 I58 _bBC _cLIBRO _d33724000462982 _eLIBRO _fv.2 _h59795 _i31054 _si |
||
| 949 |
_a551.49 I58 _bBC _cLIBRO _d33724000462990 _eLIBRO _fv.1 _h59794 _i31054 _si |
||
| 999 |
_c25981 _d25981 |
||